ბათუმის შოთა რუსთაველის სახელმწიფო უნივერსიტეტის ბიბლიოთეკა

სასწავო კურსი კომპიუტერულ საბუღალტრო პროგრამა ორის-ბურალტერიაში / (ბიბ.ჩანაწერი № 40728)

000 -ლიდერი
ფიქსირებული სიგრძის საკონტროლო ველი 00914nam a2200217Ia 4500
001 - საკონტროლო ნომერი
საკონტროლო ველი 7366
003 - საკონტროლო ნომრის იდენტიფიკატორი
საკონტროლო ველი GE_BSU
005 - ბოლო ოპერაციის თარიღი და დრო
საკონტროლო ველი 20231121161127.0
008 - ფიქსირებული სიგრძის მონაცემთა ელემენტები - ზოგადი ინფორმაცია
ფიქსირებული სიგრძის საკონტროლო ველი 181216s? ||||ge |||||||||||||| ||geo||
040 ## - კატალოგიზაციის წყარო
Transcribing agency GE_BSU
041 ## - ენის კოდი
Language code of text/sound track or separate title geo
080 ## - უნივერსალური ათობითი კლასიფიკაციის ინდექსი
Universal Decimal Classification number 657.1.011 : 044 ა-16
100 ## - მთავარი ჩანაწერი - პიროვნების სახელი
Personal name აბესაძე, თემურ
9 (RLIN) 20458
245 ## - ცნობა სათაურის შესახებ
Title სასწავო კურსი კომპიუტერულ საბუღალტრო პროგრამა ორის-ბურალტერიაში /
Statement of responsibility, etc თემურ აბესაძე.
264 ## - წარმოების, გამოცემის, დისტრიბუციის და სხვა ცნობები
გამოცემის, წარმოების, დისტრიბუციის... ადგილი თბილისი :
გამოცემის, წარმოების, დისტრიბუციის... სახელწოდება [გ.გ],
გამოცემის, წარმოების, დისტრიბუციის... თარიღი ?.
300 ## - ფიზიკური აღწერა
Extent 244 გვ. :
Other physical details ილ. ;
Dimensions 29 სმ.
653 ## - INDEX TERM--UNCONTROLLED
Uncontrolled term ორის-ბურალტერია
653 ## - INDEX TERM--UNCONTROLLED
Uncontrolled term სასწავო კურსი კომპიუტერულ საბუღალტრო პროგრამა
942 ## - ADDED ENTRY ELEMENTS (KOHA)
Koha item type წიგნი
Source of classification or shelving scheme
ეგზემპლარები
ჩამოწერის სტატუსი დაკარგული ეგზემპლარის სტატუსი კლასიფიკაციის წყარო ან თაროზე გაწყობის სქემა დაზიანების სტატუსი არ გაიცემა მუდმივი მდებარეობა (დაცვის ადგილი) ამჟამინდელი ადგილსამყოფელი თაროზე განთავსების ადგილი შეძენის თარიღი ღირებულება, შესყიდვის ნორმალური ფასი სრული შენახვის შიფრი შტრიხკოდი ბოლო ოპერაციის თარიღი ეგზემპლარის მიმდევრობითი ნომერი (კეტერი?) ფასის ძალაში შესვლის თარიღი ეგზემპლარის სახეობა საჯარო შენიშვნა
          ბათუმის შოთა რუსთაველის სახელმწიფო უნივერსიტეტის მთავარი ბიბლიოთეკა ბათუმის შოთა რუსთაველის სახელმწიფო უნივერსიტეტის მთავარი ბიბლიოთეკა წიგნსაცავი 2018-12-17 20.00 657.1.011 : 044 ა-16 23174 2018-12-17 23174 2018-12-17 წიგნი 20.00 ₾.
          ბათუმის შოთა რუსთაველის სახელმწიფო უნივერსიტეტის მთავარი ბიბლიოთეკა ბათუმის შოთა რუსთაველის სახელმწიფო უნივერსიტეტის მთავარი ბიბლიოთეკა წიგნსაცავი 2018-12-17 20.00 657.1.011 : 044 ა-16 23175 2018-12-17 23175 2018-12-17 წიგნი 20.00 ₾.